Nalaganje...

Talks and dialogues /

Bibliografske podrobnosti
Glavni avtor: Krishnamurti, J.
Format: Printed Book
Jezik:English
Izdano: New York: Avon Books, c1968.
Teme:
LEADER 00551 a2200169 4500
008 150103s9999 000 0 eng
020 |a 0380015730 
082 0 0 |a 181.4  
100 1 |a Krishnamurti, J. 
245 1 4 |a Talks and dialogues / 
260 |a New York:  |b Avon Books,  |c c1968. 
300 |a 252 p.  
650 0 |a Philosophy - 
653 |a Indian philosophy 
942 |c BK 
999 |c 303560  |d 303560 
952 |0 0  |1 0  |2 ddc  |4 0  |6 181_400000000000000_KRI_TA  |7 0  |9 347179  |a DRA  |b DRA  |c ST1  |d 2011-03-17  |i 4132  |l 1  |o 181.4 KRI/TA  |p DRA4132  |r 2017-09-13  |s 2017-08-23  |w 2011-03-17  |y BK